|
|
|
|
| LEADER |
01671nam a22002777a 4500 |
| 001 |
29230 |
| 003 |
BD-DhAAL |
| 005 |
20150526101235.0 |
| 008 |
150512r2007 cc ||||| |||| 00| 0 cen d |
| 020 |
|
|
|a 9787801849472
|
| 040 |
|
|
|a BD-DhAAL
|c BD-DhAAL
|
| 082 |
|
|
|2 22
|a 495.1/07
|
| 245 |
|
|
|a 汉语水平考試(HSK)真题集 /
|
| 246 |
|
|
|a Han yu shui ping kao shi (HSK) zhen ti ji
|
| 260 |
|
|
|a Beijing :
|b Yu wen chu ban she,
|c 2007
|
| 300 |
|
|
|a 4 v. ;
|c 26 cm.. + 1 CD-ROM (sd., col. ; 4 3/4 in.)
|
| 541 |
|
|
|e 29230
|
| 650 |
|
|
|a Chinese language
|v Testing
|x Study and teaching
|9 10951
|
| 710 |
|
|
|a Guo jia Han yu guo ji tui guang ling dao xiao zu ban gong shi (China)
|9 10952
|
| 852 |
|
|
|a Ayesha Abed Library
|c General Stacks
|
| 942 |
|
|
|2 ddc
|c BK
|
| 999 |
|
|
|c 34390
|d 34390
|
| 952 |
|
|
|0 0
|1 0
|2 ddc
|4 0
|6 495_107000000000000_HSK
|7 0
|9 53694
|a BRACUL
|b BRACUL
|c GEN
|d 2015-05-12
|e BRAC Institute of Language
|l 0
|o 495.107 HSK
|p 3010029230
|r 2015-05-12
|t 1
|w 2015-05-12
|y BK
|x Transferred from BIL to BRACUL on 06/06/22
|
| 952 |
|
|
|0 0
|1 0
|2 ddc
|4 0
|6 495_107000000000000_HSK
|7 0
|9 53714
|a BRACUL
|b BRACUL
|c AV
|d 2015-05-13
|e BRAC Institute of Language
|l 0
|o 495.107 HSK
|p 4010029230
|r 2015-05-13
|t 1
|w 2015-05-13
|y AV
|x Transferred from BIL to BRACUL on 06/06/22
|
| 952 |
|
|
|0 0
|1 0
|2 ddc
|4 0
|6 495_107000000000000_HSK
|7 0
|9 53879
|a BRACUL
|b BRACUL
|c GEN
|d 2015-05-25
|e BRAC Institute of Language
|l 0
|o 495.107 HSK
|p 3010029295
|r 2015-05-25
|t 2
|w 2015-05-25
|y BK
|x Transferred from BIL to BRACUL on 06/06/22
|
| 952 |
|
|
|0 0
|1 0
|2 ddc
|4 0
|6 495_107000000000000_HSK
|7 0
|9 53880
|a BRACUL
|b BRACUL
|c AV
|d 2015-05-25
|e BRAC Institute of Language
|l 0
|o 495.107 HSK
|p 4010029295
|r 2015-05-25
|t 2
|w 2015-05-25
|y AV
|x Transferred from BIL to BRACUL on 06/06/22
|